Chiribiquete. panoramas sobre diseño / uno :

Detalles Bibliográficos
Otros Autores: Mallol, Miquel (Editor)
Formato: Electrónico eBook
Lenguaje:español
Publicado: Cali, Valle del Cauca, Colombia : Universidad Autónoma de Occidente, [2024].
Edición:Primera edición.
Materias:
Acceso en línea:Digitalia Hispánica

MARC

LEADER 00000nam a2200000Ii 4500
001 DIGUAOCCTE0125
003 NyNyDIG
006 m o d
007 cr |||||||||||
008 250417s2024 ck a ob 000 0 spa d
035 |a (OCoLC)1517261235 
040 |a DGITA  |b eng  |e rda  |e pn  |c DGITA 
020 |a 9789589873922  |q eBook 
020 |z 9789589873915 
024 7 |a https://doi.org/10.53972/RAD.crbqt.2024.1 
043 |a s-ck--- 
050 1 4 |a NK1412.C6 ebook 
245 0 0 |a Chiribiquete.  |n uno :  |b panoramas sobre diseño /  |c eds, Miquel Mallol [and 3 others]. 
250 |a Primera edición. 
264 1 |a Cali, Valle del Cauca, Colombia :  |b Universidad Autónoma de Occidente,  |c [2024]. 
300 |a 1 online resource :  |b illustrations. 
336 |a text  |b txt  |2 rdacontent 
337 |a computer  |b c  |2 rdamedia 
338 |a online resource  |b cr  |2 rdacarrier 
347 |a text file  |2 rdaft 
347 |b PDF 
504 |a Includes bibliographical references. 
588 0 |a Online resource; title from PDF title page (Digitalia, viewed April 17, 2025) 
650 0 |a Design  |z Colombia  |x History. 
650 0 |a Graphic arts  |z Colombia  |x History. 
700 1 |a Mallol, Miquel,  |e editor. 
776 0 8 |i Print version:  |t Chiribiquete. uno.  |b Primera edición.  |d Cali, Valle del Cauca, Colombia : Universidad Autónoma de Occidente, [2024]  |z 9789589873915 
791 2 |a Digitalia (Firm),  |e distributor. 
793 0 |g Digitalia eBook Collection:  |a Universidad Autónoma de Occidente 
856 4 0 |3 Digitalia Hispánica  |u https://www.digitaliapublishing.com/a/171314/ 
910 |a Premium collection: 2025